000 00817cam a22001934a 4500
005 20250605164227.0
008 250528s ||||||||||||||||||||||||d
035 _a20902
020 _a9789604681365
040 _aGR-AtMCL
_bgre
_dGR-AtMCL
_eAACR2
245 1 _aΗ Συμφωνική των Πωλήσεων / Ενορχήστρωση και Διεύθυνση της Πώλησης
260 _bΤιμοθέατος Δημήτρης,
_c2016
300 _a160
520 _aΠεριέχει το Μοντέλο PLB. Η Πώληση ως Τρόπος Ζωής, Η Έννοια του Πελάτη, Μάρκετινγκ - Μια Παρεξηγημένη Επιστήμη, Key account Management, Ηγεσία.
700 1 _aΜιχάλη Σιδέρη
_96268
942 _cBK
999 _c5981
_d5981